| 000 | 00853nam a2200229 4500 | ||
|---|---|---|---|
| 999 |
_c13174 _d13174 |
||
| 003 | MIRAKIL | ||
| 005 | 20190418135411.0 | ||
| 008 | 190418b tu ||||| |||| 00| 0 tur d | ||
| 020 | _a9786053326632 | ||
| 040 |
_aTR-AnCHP _cTR-AnCHP |
||
| 041 | _atur | ||
| 082 |
_a808.1 _bA65p 2016 |
||
| 100 | 1 |
_aAristoteles _dM.Ö. 384-322 |
|
| 245 | 1 | 0 |
_aPoetika : _bşiir sanatı üzerine / _cAristoteles ; eski Yunanca aslından çeviren: Ari Çokona-Ömer Aygün |
| 260 |
_aİstanbul: _bTürkiye İş Bankası Kültür Yayınları, _c2016. |
||
| 300 |
_avııı, 124 s.: _c22 sm. |
||
| 490 | 0 |
_aTürkiye İş Bankası Kültür Yayınları; _aHasan Ali Yücel Klasikleri Dizisi; _vGenel yayın 3474. _v270. |
|
| 650 | 0 |
_95125 _aYunan Edebiyatı _xretorik, şiir |
|
| 700 |
_95639 _aÇokona, Ari _eçev. |
||
| 700 |
_95640 _aAygün, Ömer _eçev. |
||
| 942 |
_2ddc _cBKS |
||